Geography Beginning & Ending in A - Statistics

General Stats
  • This quiz has been taken 34 times
  • The average score is 9 of 15
Answer Stats
Hint Answer % Correct
The capital city of Saudi Arabia's Asir Province. ʾAbhā
87%
Österreich. Austria
87%
"Sweet Home". Alabama
84%
Country wherein Free France's de facto capital stood after Operation Torch. Algeria
81%
Africa's 7th-largest country by area, at 1,246,700 km². Angola
81%
This country's 2nd-largest city, Córdoba, was named for an older city in Spain. Argentina
71%
This province is Türkiye's main tourist destination. Antalya
65%
The shared name of 9 separate cities founded in the 4th century BCE. Only 1 still stands today. Alexandria
55%
The Scottish Gaelic name for Scotland. Alba
52%
Where Union general Sherman's March to the Sea began. Atlanta
52%
British Overseas Territory in the Caribbean. Its capital is 'The Valley', though the 91 km² island's highest point is only 73 meters. Anguilla
48%
This Turkish city has kept its original name for over 4000 years. Adana
35%
Major city on the Ishim River, which is on the eponymous Ishim Steppe of Siberia. Astana
29%
Greece's most populous region (3,785,000) despite being its third-smallest by area (3,808 km²). Attica
23%
Japan's 6th-largest prefecture by area at 11,637 km², located in northern Honshu. Akita
16%
No matching quizzes found
Score Distribution
Percent of People with Each Score
Percentile by Number Answered
Your Score History
You have not taken this quiz